| Tag |
First Indicator |
Second Indicator |
Subfields |
| LEADER |
00000cam a2200000Ii 4500 |
| 001 |
in00004033513 |
| 005 |
20190416173859.0 |
| 006 |
m o d | |
| 007 |
cr ||||||||||| |
| 008 |
171109t20182018cau ob s001 0 eng d |
| 020 |
|
|
|a 9780520968721
|q (electronic bk.)
|
| 020 |
|
|
|a 0520968727
|q (electronic bk.)
|
| 020 |
|
|
|z 0520296001
|
| 020 |
|
|
|z 9780520296008
|
| 035 |
|
|
|a (OCoLC)on1011035977
|
| 035 |
|
|
|a (OCoLC)1011035977
|
| 037 |
|
|
|a 22573/ctt223sfgf
|b JSTOR
|
| 040 |
|
|
|a INA
|b eng
|e rda
|e pn
|c INA
|d OCLCQ
|d JSTOR
|d UtOrBLW
|
| 043 |
|
|
|a a-ii---
|
| 049 |
|
|
|a TXAM
|
| 050 |
|
4 |
|a NA2542.35
|b .R335 2017
|
| 072 |
|
7 |
|a SOC002010
|2 bisacsh
|
| 082 |
0 |
4 |
|a 720/.470954792
|2 23
|
| 100 |
1 |
|
|a Rademacher, Anne,
|e author.
|0 http://id.loc.gov/authorities/names/n89264246
|
| 245 |
1 |
0 |
|a Building green :
|b environmental architects and the struggle for sustainability in Mumbai /
|c anne rademacher.
|
| 264 |
|
1 |
|a Oakland, California :
|b University of California Press,
|c [2018]
|
| 264 |
|
4 |
|c ©2018
|
| 300 |
|
|
|a 1 online resource
|
| 336 |
|
|
|a text
|b txt
|2 rdacontent
|
| 337 |
|
|
|a computer
|b c
|2 rdamedia
|
| 338 |
|
|
|a online resource
|b cr
|2 rdacarrier
|
| 504 |
|
|
|a Includes bibliographical references and index.
|
| 505 |
0 |
0 |
|t City ascending, city imploding -- The integrated subject -- Ecology in practice : environmental architecture as good design -- Rectifying failure : imagining the new city and the power to create it -- More than human nature and the open space predicament -- Consciousness and Indian-ness : making design "good" -- A vocation in waiting : ecology in practice -- Soldiering sustainability.
|
| 520 |
|
|
|a "Building Green explores the experience of environmental architects in Mumbai, one of the world's most populous and population-dense urban areas and a city iconic for its massive informal settlements, extreme wealth asymmetries, and ecological stresses. Under these conditions, what does it mean to learn, and try to practice, so-called green design? By tracing the training and professional experiences of environmental architects in India's first graduate degree program in Environmental Architecture, Rademacher shows how environmental architects forged sustainability concepts and practices and sought to make them meaningful through engaged architectural practice. The book's focus on practitioners offers insights into the many roles that converge to produce this emergent, critically important form of urban expertise. At once activists, scientists, and designers, the environmental architects profiled in Building Green act as key agents of urban change whose efforts in practice are shaped by a complex urban development economy, layered political power relations, and a calculus of when, and how, their expert skills might be operationalized in service of a global urban future"--Provided by publisher.
|
| 610 |
2 |
0 |
|a Rachana Sansad (College).
|b Institute of Environmental Architecture.
|0 http://id.loc.gov/authorities/names/no2017124679
|
| 650 |
|
0 |
|a Sustainable architecture
|z India
|z Mumbai.
|
| 650 |
|
0 |
|a Architects
|z India
|z Mumbai.
|
| 650 |
|
0 |
|a Architecture
|x Environmental aspects
|z India
|z Mumbai.
|
| 650 |
|
0 |
|a Urban ecology (Sociology)
|z India
|z Mumbai.
|
| 650 |
|
7 |
|a SOCIAL SCIENCE / Anthropology / Cultural.
|2 bisacsh
|
| 655 |
|
7 |
|a Electronic books.
|2 local
|
| 710 |
2 |
|
|a JSTOR (Organization)
|0 http://id.loc.gov/authorities/names/no97001983
|
| 776 |
0 |
8 |
|i Print version:
|a Rademacher, Anne.
|t Building green.
|d Oakland, California : University of California Press, [2018]
|w (DLC) 2017044981
|w (OCoLC)975365491
|
| 856 |
4 |
0 |
|u http://proxy.library.tamu.edu/login?url=http://www.jstor.org/stable/10.1525/j.ctt2204r4v
|z Connect to the full text of this electronic book
|t 0
|
| 999 |
f |
f |
|s 43695145-0489-3065-a9eb-59a1d53c0b2b
|i f6bb9da9-b0b7-3983-bf16-9fcc550112ce
|t 0
|
| 952 |
f |
f |
|a Texas A&M University
|b College Station
|c Electronic Resources
|d Available Online
|t 0
|e NA2542.35 .R335 2017
|h Library of Congress classification
|
| 998 |
f |
f |
|a NA2542.35 .R335 2017
|t 0
|l Available Online
|